| 000 | 00392nam a2200169Ia 4500 | ||
|---|---|---|---|
| 100 | _aShingare/Deodatta | ||
| 650 | _aPower electronics | ||
| 250 | _a5 | ||
| 942 | _cBK | ||
| 366 | _f25 | ||
| 654 | _apower electronics | ||
| 245 | _aIndustrial and Power electronics | ||
| 260 |
_bElectrotech publication _c2012 |
||
| 082 |
_a621.317 _bSHI |
||
| 546 |
_aENGLISH _cPAMPHALETS |
||
| 999 |
_c18517 _d18517 |
||